| 000 | 00554nam a2200217 a 4500 | ||
|---|---|---|---|
| 999 |
_c491 _d491 |
||
| 005 | 20191217041545.0 | ||
| 008 | 151117b xxu||||| |||| 00| 0 spa d | ||
| 040 |
_aCO-BoIAVH _cCO-BoIAVH |
||
| 041 | _aspa | ||
| 044 | _ack | ||
| 090 |
_aIND-I _b47 |
||
| 110 | _bInderena | ||
| 245 | _aControl de producción de zoocriaderos | ||
| 260 |
_aBogotá _bInderena _c1991 |
||
| 300 | _a134 páginas | ||
| 650 | 1 | 4 | _aCocodrilos |
| 650 | 1 | 4 | _aZoocría |
| 650 | 1 | 4 | _aProducción |
| 650 | 1 | 4 | _aInventarios |
| 942 |
_cINFORME _2z |
||